Normal view
MARC view
- Perera, M. H. B.
Entry Personal Name
001 - CONTROL NUMBER
- control field: 37470
003 - CONTROL NUMBER IDENTIFIER
- control field: OSt
005 - DATE AND TIME OF LATEST TRANSACTION
- control field: 20150219140502.0
008 - FIXED-LENGTH DATA ELEMENTS
- fixed length control field: 150219|| aca||aabn | a|a d
040 ## - CATALOGING SOURCE
- Original cataloging agency: OSt
100 1# - HEADING--PERSONAL NAME
- Personal name: Perera, M. H. B.
400 1# - SEE FROM TRACING--PERSONAL NAME
- Personal name: Perera, H.
- Fuller form of name: (Hector)
400 1# - SEE FROM TRACING--PERSONAL NAME
- Personal name: Perera, Hector